=LDR 00000nam 2200000 4500 =001 INLIS000000000046327 =005 20150311101527.0 =006 =007 =008 =035 ##$$0010-031500000000099 =040 ##$$a NBPDMAT =082 ##$$a 598.042 =090 ##$$a 598.042 $b Agu t =100 ##$$a Agus prijono =245 ##$$a teguhkan cinta bagi burung pecinta $c Agus prijono =260 ##$$a jakarta $b nasional geoghrapic indonesia $c 2012 =300 ##$$a 50 hlm. $b ilus $c 24 cm. =700 ##$$a Agus prijono =990 ##$$a 0001/BPAP-NTB/20142015 =990 ##$$a 0001/BPAP-NTB/20142015 =990 ##$$a 0001/BPAP-NTB/20142015